| 000 | 00772nam a2200181 4500 | ||
|---|---|---|---|
| 999 |
_c9333 _d9333 |
||
| 008 | 180508b ||||| |||| 00| 0 eng d | ||
| 082 |
_21986 _aDC 669.09 _bK77 |
||
| 100 |
_927755 _aKnox, Bruce E. |
||
| 245 |
_aA study guide to Out of the fiery furnace : _bfrom stone age to space age : the story of metal and man/ _cBruce E. Knox, John C. Griffiths, Frederick R. Matson. |
||
| 260 |
_a[University Park, PA] : _bPennsylvania State University, _c©1986. |
||
| 300 |
_a124 pages : _billustrations ; _c28 cm |
||
| 650 | 0 |
_927763 _aTechnology and civilization. |
|
| 650 | 0 |
_927764 _aMetallurgy -- History. |
|
| 650 | 0 |
_927756 _aRaymond, Robert. -- Out of the fiery furnace. |
|
| 700 |
_927765 _aGriffiths, John C. |
||
| 700 |
_927766 _aMatson, Frederick R. |
||
| 942 |
_2ddc _cDC |
||